000 00485cam a22001571 4500
082 _a669.9
_bGUY
100 1 _aGuy, Albert G.
_940720
245 1 0 _aPhysical metallurgy for engineers.
260 _aReading, Mass.,
_bAddison-Wesley Pub. Co.
_c[1962]
300 _a374 p.
_billus.
_c24 cm.
490 0 _aAddison-Wesley series in metallurgy and materials
526 _a0
_b0
_c0
_d669_900000000000000_GUY
650 0 _aMCE
_9379
650 0 _aPhysical metallurgy.
_944928
942 _2ddc
_cBK
999 _c548637
_d548637